| 000 | 01027naa a22002897a 4500 | ||
|---|---|---|---|
| 001 | BR8901547 | ||
| 003 | BR-BrBNA | ||
| 005 | 20240918180437.0 | ||
| 007 | ta | ||
| 008 | 230509b bl.||||| |||| 00| 0 por d | ||
| 040 |
_aBR-BrBNA _bpor _cBiblioteca Nacional de Agricultura |
||
| 041 | _a(Pt) | ||
| 072 | _aF62 | ||
| 090 | _aF62 BR8901547 | ||
| 100 | 1 | _aCardoso, V.J.M. | |
| 100 | 1 | _aFelippe, G.M. | |
| 111 | 1 |
_a5. Congresso da Sociedade Botanica de Sao Paulo _cSao Paulo, SP (Brazil) _d23-27 Sep 1985 |
|
| 245 | 1 | _aGerminacao de Cucumis anguria: relacao entre etileno e germinacao | |
| 260 | 3 |
_aSao Paulo, SP (Brasil): _c1985. |
|
| 500 | _aAnais do 5. Congresso da Sociedade Botanica de Sao Paulo Sao Paulo, SP (Brasil): 1985. p. 1-5 (BR8901547-AM)F62 | ||
| 650 | _aMAXIXE | ||
| 650 | _aGERMINACAO | ||
| 650 | _aETILENO | ||
| 773 | 0 |
_tAnais do 5. Congresso da Sociedade Botanica de Sao Paulo _wF62 BR8901547 _gSao Paulo, SP (Brasil), 1985. p. 1-5 |
|
| 909 |
_a202404 _bLucia _c55 _dLucia Elande |
||
| 942 |
_cAM _2AGRIS |
||
| 999 |
_c320403 _d320403 |
||